Hockey player nationality quiz - Statistics

General Stats
  • This quiz has been taken 37 times
  • The average score is 17 of 20
Answer Stats
Hint Answer % Correct
Sidney Crosby Canada
100%
Boris Mironov Russia
100%
Seth Jones USA
100%
Artturi Lehkonen Finland
97%
Peter Forsberg Sweden
97%
Peter Regin Denmark
88%
Richard Lintner Slovakia
88%
Ruslan Fedotenko Ukraine
85%
Cristobal Huet France
82%
Christoph Schubert Germany
82%
Yutaka Fukufuji Japan
82%
Jonas Siegenthaler Switzerland
82%
Karlis Skrastins Latvia
79%
Thomas Vanek Austria
76%
Anze Kopitar Slovenia
76%
Michal Jordan Czechia
74%
Tommy Jakobsen Norway
74%
Mariusz Czerkawski Poland
71%
Nikolai Antropov Kazakhstan
62%
Darius Kasparitis Lithuania
59%
No matching quizzes found
Score Distribution
Percent of People with Each Score
Percentile by Number Answered
Your Score History
You have not taken this quiz